Budúcnosť eurozóny v kontexte zmenených podmienok svetového hospodárstva

Vznik a formovanie eurozóny. Porovnanie eurozóny s inými ekonomikami. Európsky fond finančnej stability. Záruky krajín v EFSF. Fungovanie EFSF.

Salvato in:
Dettagli Bibliografici
Autore principale: Moravčíková, Zuzana
Altri autori: Fifek, Edmund
Natura: Capitolo di libro
Lingua:slovacco
Soggetti:
Tags: Aggiungi Tag
Nessun Tag, puoi essere il primo ad aggiungerne!!

MARC

LEADER 00000naa a2200000 4500
001 0157798
005 20240502072743.7
041 0 |a slo 
044 |a SK 
245 1 0 |a Budúcnosť eurozóny v kontexte zmenených podmienok svetového hospodárstva  |c Zuzana Moravčíková, Edmund Fifek 
520 |a Vznik a formovanie eurozóny. Porovnanie eurozóny s inými ekonomikami. Európsky fond finančnej stability. Záruky krajín v EFSF. Fungovanie EFSF. 
610 2 0 |a eurozóna 
610 2 0 |a porovnanie medzinárodné 
610 2 0 |a integrácia ekonomická 
610 2 0 |a kríza hospodárska 
610 2 0 |a hospodárstvo svetové 
610 2 0 |a kríza finančná 
610 2 0 |a politika medzinárodná 
100 1 |a Moravčíková, Zuzana 
700 1 |a Fifek, Edmund